1615 1898 1895 1067 1204 1879 1008 1333 1546 1272 1157 1472 1219 1871 1598 1641 1038 1682 1928 1651 1072 1082 1959 1309 1276 1416 1613 1030 1713 1615 1510 1524 1795 1482 1955 1854 1663 1106 1353 1126 1999 1062 1430 1444 1993 1454 1314 1052 1184 1831 1668 1164 1621 1954 1688 1604 1623 1298 1758 1196 1801 1254 1629 1223 1841 1952 1738 1840 1388 1334 1873 1763 1603 1548 1802 1112 1394 1717 1673 1836 1994 1022 1905 1090 1656 1369 1361 1023 1192 1326 1315 1596 1806 1733 1252 1992 1356 1977 1877 BCNSPRNW ULIB Ver.6.0+V

เปลี่ยนเป็นภาษาไทย

Change to English
 แสดงรายละเอียดบรรณานุกรม
  กลับหน้าหลัก

Brief Record : Get Marc (ISO 2709) : E-mail record : QR code < ปิดหน้าต่าง
LEADER : 00000nam 2200000uu 4500
001    13399125432
003     ULIB
008    170601s2558||||th 000 0 tha d
020    ู^a9786160823543
060  0 ^aWA30^bว617ห
100 0  ^aวิน เตชะเคหะกิจ
245 00 ^aหลักเศรษฐศาสตร์สาธารณสุขเบื้องต้น/^วิน เตชะเคหะกิจ
260    ^aกรุงเทพฯ:^bซีเอ็ดยูเคชั่น,^c2558
300    ^a136 หน้า
650  0 ^aเศรษฐศาสตร์การแพทย์
710 1  ^aซีเอ็ดยูเคชั่น
945    ^p150^l0^i25015
945    ^p150^l0^i25016
945    ^p150^l0^i25017
945    ^p150^l0^i25018
945    ^p150^l0^i25019
945    ^p150^l0^i25020
945    ^p150^l0^i25021
945    ^p150^l0^i25022
945    ^p150^l0^i25023
945    ^p150^l0^i25024
995    ^aกัณชพร
999    ^aกัณชพร
รายการนี้ยังไม่มีแท็ก
คุณยังไม่ได้ล็อกอิน คุณสามารถมีกิจกรรมร่วมกับเว็บไซต์ได้ แต่ต้องล็อกอินก่อน ::
  ล็อกอิน

รายการสื่อสารสนเทศ

ลำดับที่ ประเภท เลขเรียก/บาร์โค้ด สถานที่ สถานะ
1. หนังสือสำรอง
หนังสือสำรอง
สถานะ=หนังสือเก่า
WA30 ว617ห ฉ.1 
  Barcode: 25015
ห้องสมุดวิทยาเขตนครสวรรค์
►ส่วนจัดเก็บหนังสือเก่า นว.
บนชั้น
  ขอยืม
2. วิทยาศาสตร์การแพทย์ และสุขภาพ
วิทยาศาสตร์การแพทย์ และสุขภาพ
สถานะ=หนังสือเก่า
WA30 ว617ห ฉ.10 
  Barcode: 25024
ห้องสมุดวิทยาเขตนครสวรรค์
►ส่วนจัดเก็บหนังสือเก่า นว.
บนชั้น
  ขอยืม
3. วิทยาศาสตร์การแพทย์ และสุขภาพ
วิทยาศาสตร์การแพทย์ และสุขภาพ
สถานะ=หนังสือเก่า
WA30 ว617ห ฉ.2 
  Barcode: 25016
ห้องสมุดวิทยาเขตนครสวรรค์
►ส่วนจัดเก็บหนังสือเก่า นว.
บนชั้น
  ขอยืม
4. วิทยาศาสตร์การแพทย์ และสุขภาพ
วิทยาศาสตร์การแพทย์ และสุขภาพ
สถานะ=หนังสือเก่า
WA30 ว617ห ฉ.3 
  Barcode: 25017
ห้องสมุดวิทยาเขตนครสวรรค์
►ส่วนจัดเก็บหนังสือเก่า นว.
บนชั้น
  ขอยืม
5. วิทยาศาสตร์การแพทย์ และสุขภาพ
วิทยาศาสตร์การแพทย์ และสุขภาพ
สถานะ=หนังสือเก่า
WA30 ว617ห ฉ.4 
  Barcode: 25018
ห้องสมุดวิทยาเขตนครสวรรค์
►ส่วนจัดเก็บหนังสือเก่า นว.
บนชั้น
  ขอยืม
6. วิทยาศาสตร์การแพทย์ และสุขภาพ
วิทยาศาสตร์การแพทย์ และสุขภาพ
WA30 ว617ห ฉ.5 
  Barcode: 25019
ห้องสมุดวิทยาเขตนครสวรรค์
►หนังสือทั่วไป:l:General Books
ถูกยืม กำหนดส่งวันที่ 13 กุมภาพันธ์ 2566
  จอง
7. วิทยาศาสตร์การแพทย์ และสุขภาพ
วิทยาศาสตร์การแพทย์ และสุขภาพ
WA30 ว617ห ฉ.6 
  Barcode: 25020
ห้องสมุดวิทยาเขตนครสวรรค์
►หนังสือทั่วไป:l:General Books
บนชั้น
8. วิทยาศาสตร์การแพทย์ และสุขภาพ
วิทยาศาสตร์การแพทย์ และสุขภาพ
สถานะ=หนังสือเก่า
WA30 ว617ห ฉ.7 
  Barcode: 25021
ห้องสมุดวิทยาเขตนครสวรรค์
►ส่วนจัดเก็บหนังสือเก่า นว.
บนชั้น
  ขอยืม
9. วิทยาศาสตร์การแพทย์ และสุขภาพ
วิทยาศาสตร์การแพทย์ และสุขภาพ
สถานะ=หนังสือเก่า
WA30 ว617ห ฉ.8 
  Barcode: 25022
ห้องสมุดวิทยาเขตนครสวรรค์
►ส่วนจัดเก็บหนังสือเก่า นว.
บนชั้น
  ขอยืม
10. วิทยาศาสตร์การแพทย์ และสุขภาพ
วิทยาศาสตร์การแพทย์ และสุขภาพ
สถานะ=หนังสือเก่า
WA30 ว617ห ฉ.9 
  Barcode: 25023
ห้องสมุดวิทยาเขตนครสวรรค์
►ส่วนจัดเก็บหนังสือเก่า นว.
บนชั้น
  ขอยืม

รายการใกล้เคียง
    หัวเรื่อง [เศรษฐศาสตร์การแพทย์]

BibComment


ยังไม่เคยถูกคอมเมนท์

คอมเมนท์ทรัพยากรรายการนี้
  คอมเมนท์: หลักเศรษฐศาสตร์ส..


 Copyright 2026. Bcnsprnw @Library